Záverečná správa konzultačnej misie MMF na Slovensku
Závery vypracované misiou MMF ohľadne doterajšieho ekonomického vývoja Slovenska, ekonomických cieľov a úprav hospodárskej politiky na rok 1999, štrukturálnych reforiem a fiškálnej politiky.
Salvato in:
| Natura: | Capitolo di libro |
|---|---|
| Lingua: | slovacco |
| Soggetti: | |
| Tags: |
Nessun Tag, puoi essere il primo ad aggiungerne!!
|
MARC
| LEADER | 00000naa a2200000 4500 | ||
|---|---|---|---|
| 001 | r035366 | ||
| 005 | 20230824101224.8 | ||
| 041 | 0 | |a slo | |
| 044 | |a SK | ||
| 245 | 1 | 0 | |a Záverečná správa konzultačnej misie MMF na Slovensku |
| 520 | |a Závery vypracované misiou MMF ohľadne doterajšieho ekonomického vývoja Slovenska, ekonomických cieľov a úprav hospodárskej politiky na rok 1999, štrukturálnych reforiem a fiškálnej politiky. | ||
| 610 | 2 | 0 | |a politika hospodárska |
| 610 | 2 | 0 | |a vývoj hospodársky |
| 610 | 2 | 0 | |a rozvoj hospodársky |
| 610 | 2 | 0 | |a reformy štruktúrne |
| 610 | 2 | 0 | |a politika fiškálna |
| 610 | 2 | 0 | |a Slovensko |
| 610 | 2 | 0 | |a Medzinárodný menový fond |
| 610 | 2 | 0 | |a konsolidácia |